LEADER 01229nam0 2200313 450 001 000004211 005 20181001121923.0 100 $a20020930d1962----km-y0itay50------ba 101 0 $aeng 102 $aGB$aUS 105 $ay-------101yy 200 1 $aEconomic development for Latin America$eproceedings of a conference held by the International economic association$fedited by Howard S. Ellis$gassisted by Henry C. Wallich 210 $aLondon$cMacmillan$aNew York$cSt Martin's press$d1962 215 $aX, 478 p.$d23 cm 300 $aAtti del convegno tenuto a Rio de Janeiro, 19-28 Agosto 1957. 500 10$aEconomic development for Latin America$938324 610 1 $aAmerica latina$aSviluppo economico$aCongressi$a1957 610 1 $aPaesi in via di sviluppo$aEconomia$aCongressi$a1957 610 1 $aCongressi$aRio de Janeiro$a1957 676 $a338.98 702 1$aEllis,$bHoward Sylvester 702 1$aWallich,$bHenry C. 710 12$aInternational economic association$0630219 801 0$aIT$bUNIPARTHENOPE$gRICA$2UNIMARC 912 $a000004211 951 $a330.98/110$b15524$cNAVA4$d20021001 951 $a121/12$b1802$cNAVA2 996 $aEconomic development for Latin America$938324 997 $aUNIPARTHENOPE LEADER 06715nam 2200625 450 001 996466530703316 005 20220907132323.0 010 $a3-540-48187-7 024 7 $a10.1007/BFb0078455 035 $a(CKB)1000000000437506 035 $a(SSID)ssj0000325865 035 $a(PQKBManifestationID)12072414 035 $a(PQKBTitleCode)TC0000325865 035 $a(PQKBWorkID)10265230 035 $a(PQKB)10091906 035 $a(DE-He213)978-3-540-48187-4 035 $a(MiAaPQ)EBC5610465 035 $a(Au-PeEL)EBL5610465 035 $a(OCoLC)1078998230 035 $a(MiAaPQ)EBC6841863 035 $a(Au-PeEL)EBL6841863 035 $a(OCoLC)793079047 035 $a(PPN)155186906 035 $a(EXLCZ)991000000000437506 100 $a20220907d1988 uy 0 101 0 $aeng 135 $aurnn|008mamaa 181 $ctxt 182 $cc 183 $acr 200 00$aProbability theory and mathematical statistics $eproceedings of the fifth Japan-USSR symposium, held in Kyoto, Japan, July 8-14 1986 /$fShinzo Watanabe, Yurii V. Prokhorov, editors 205 $a1st ed. 1988. 210 1$aBerlin ;$aHeidelberg :$cSpringer-Verlag,$d[1988] 210 4$d©1988 215 $a1 online resource (X, 590 p.) 225 1 $aLecture Notes in Mathematics ;$vVolume 1299 300 $aBibliographic Level Mode of Issuance: Monograph 311 $a0-387-18814-2 311 $a3-540-18814-2 327 $aProfessor gisiro maruyama, in memoriam -- Some words in memory of Professor G. Maruyama -- Second and third order asymptotic completeness of the class of estimators -- An accuracy of Gaussian approximation of sum distribution of independent random variables in Banach spaces -- On the weak convergence to Brownian local time -- On optimal stopping with incomplete data -- Bellman equation with unbounded coefficients and its applications -- A note on capacities in infinite dimensions -- On diffusive motion of closed curves -- Non-linear filtering of stochastic processes and optimal signal transmission through a feedback channel -- On bessel potentials in linear spaces -- A time change relating continuous semi-markov and markov processes -- Bounded solutions and periodic solutions of a linear stochastic evolution equation -- Renormalization group method on a hierarchical lattice of dyson-wilson type -- Contiguity of distributions of multivariate point processes -- On Benford's law: The first digit problem -- One-dimensional diffusions and random walks in random environments -- The domain of attraction of a non-gaussian self-similar process with finite variance -- Absolutely continuous spectrum of one-dimensional random Schrödinger operators and hamiltonian systems -- Riemannian manifolds with stochastic independence conditions are rich enough -- On some inequalities in the probabilistic number theory -- Helices and isomorphism problems in ergodic theory -- A limit theorem for stochastic partial differential equations -- Some remarks on Getzler's degree theorem -- On limit theorems for conditionally independent random variables controlled by a finite Markov chain -- Joint asymptotic distribution of the maximum likelihood estimator and M-estimator -- On the results of asymptotic analysis for the random walks with two-sided boundary -- Gaussian limit theorems for Wiener functionals -- Multiplicative number theory in probability spaces: An exaple -- Monte carlo methods with stochastic parameters -- Schrödinger operator with potential which is the derivative of a temporally homogeneous Lévy process -- An evolution operator of the Feynman-kac type -- A theorem on the stability of nonlinear filtering systems -- Large deviations for the maximum likelihood estimators -- On the decay rate of correlation for piecewise linear transformations -- A fluctuation theorem for solutions of certain random evolution equations -- Convergence and uniqueness theorems for markov processes associated with Lévy operators -- Bounds for difference of two integrals of a bounded function in terms of extensions of Lévy metric -- Asymptotic expansions for 2-SPRT -- On Dynkin's stopping problem with a finite constraint -- Entropy operators and mcmillan type convergence theorems in a noncommutative dynamical system -- On long time tails of correlation functions for KMO-Langevin equations -- On central limit theorem for continuous additive functional of zero energy -- Ergodic properties of product type odometers -- Measuring processes and repeatability hypothesis -- Estimates of the rate of convergence in the central limit theorem in Banach spaces -- Simple method of obtaining estimates in the invariance principle -- Mutually repelling particles of m types -- Some classes generated by exponential distributions -- Remarks on the canonical representation of stationary linear symmetric ?-stable processes (0